Tribunal fiscal de la nación: la prejudicialidad y la secuencia temporal lógica de los procesos (Registro nro. 20607)

Detalles MARC
000 -LEADER
fixed length control field 00381 a2200109 4500
001 - CONTROL NUMBER
control field ART_59907
005 - DATE AND TIME OF LATEST TRANSACTION
control field 20260410161801.0
008 - FIXED-LENGTH DATA ELEMENTS--GENERAL INFORMATION
fixed length control field 260409a
100 1# - MAIN ENTRY--PERSONAL NAME
Personal name Garcia Sinagra, Claudio
245 10 - TITLE STATEMENT
Title Tribunal fiscal de la nación: la prejudicialidad y la secuencia temporal lógica de los procesos
773 0# - HOST ITEM ENTRY
Title Doctrina tributaria
Related parts - N° 525 (dic. 2023)
Record control number REV4296

No hay ítems disponibles.